Paises por imagen - Estadísticas

Estadísticas generales
  • Esta prueba ha sido intentada 41 veces
  • La puntuación promedio es 13 de 16
Estadísticas de respuestas
Imagen Respuesta % Correcto
Australia
100%
Egipto
100%
Rusia
100%
Estados Unidos
97%
México
97%
Nepal
94%
Perú (Perukistán)
94%
España
86%
Reino Unido
86%
Arabia Saudita
83%
Jordania
83%
Brasil
80%
Hungría
69%
Japón
66%
Portugal
46%
Islandia
43%
No se encontraron pruebas coincidentes
Distribución de puntuación
Porcentaje de gente con cada puntuación
Porcentaje por número respondido
Historial de tus puntuaciones
No has intentado esta prueba.